| 000 | 00646nam a2200217 a 4500 | ||
|---|---|---|---|
| 008 | |||
| 020 | _a0198522266 (pbk.) | ||
| 049 | _aMAIN | ||
| 090 | _aQA280 | ||
| 100 | 1 | _aDiggle, Peter J. | |
| 245 | 1 | 0 |
_aTime series: _b a biostatistical introduction / _c Peter J. Diggle. |
| 260 |
_aOxford, : _b Oxford University Press , _c 1990. |
||
| 300 |
_axi, 257 p. : _bill. ; _c24 cm. |
||
| 440 |
_aOxford statistical science series ; _vno. 5 |
||
| 650 | 1 | _aStatistics | |
| 907 |
_a.b10182093 _b16-01-06 _c02-12-05 |
||
| 003 | |||
| 005 | 20230123134131.0 | ||
| 040 | _cNUST | ||
| 942 |
_cBOOKS _kQA280 |
||
| 999 |
_c160643 _d160643 |
||